Technology in the classroom (Бичлэгийн дугаар. 146025)
| 000 -УДИРДЛАГА | |
|---|---|
| Удирдлага | 00796nam a22002897a 4500 |
| 003 - ХЯНАЛТЫН ТОО ТОДОРХОЙЛОГЧ | |
| Код | MN-UlNUM |
| 005 - БИЧИЛТ ХИЙСЭН ОГНОО | |
| Тухайн бичилтийг бичсэн засварласан сүүлийн огноо | 20251226160925.0 |
| 008 - ЕРӨНХИЙ МЭДЭЭЛЭЛ | |
| Ерөнхий мэдээлэл | 251226s1995 mauab||| |||| 00| 0 eng | |
| 020 ## - ISBN | |
| ISBN | 0933964412 |
| 040 ## - БИЧЛЭГ ҮҮСГЭГЧ БАЙГУУЛЛАГА | |
| Бичлэг үүсгэгч номын сангийн код | МУИС-ийн номын сан |
| 084 ## - ББК АНГИЛАЛ | |
| Нэмэлт тусгалт | Бусад |
| ББК ангилал | 74.6 |
| Зохиогчийн гурван тэмдэгт | T 30 |
| Мэдлэгийн ялгаа | 74 - Боловсрол |
| 245 00 - ҮНДСЭН ГАРЧИГ | |
| Номын нэр | Technology in the classroom |
| 260 ## - ГАРАЛТЫН МЭДЭЭ | |
| Хэвлэгдсэн газар | Lexington, Mass. : |
| Хэвлэлийн газар | COMAP, |
| Хэвлэгдсэн он | 1995 |
| 300 ## - МАТЕРИАЛЫН ТОДОРХОЙЛОЛТ | |
| хуудасны тоо | 162p.: |
| Бусад тоон мэдээлэл | ill. ; |
| Хэмжээ | 28 cm. |
| 500 ## - Тайлбар | |
| Дансны дугаар | БС 4762 |
| 546 ## - ХЭЛНИЙ ТУХАЙ МЭДЭЭ | |
| Хэл | Англи хэл дээр, |
| 653 ## - Түлхүүр үг | |
| Түлхүүр үг | mathematics |
| 653 ## - Түлхүүр үг | |
| Түлхүүр үг | educational technology |
| 653 ## - Түлхүүр үг | |
| Түлхүүр үг | technology |
| 700 1# - ХАМ ЗОХИОГЧИД | |
| Ба бус | Froelich, Gary W. |
| 740 ## - НОМЫН ГАРЧИГ | |
| Гарчиг | Technology's Impact on curricula |
| 740 ## - НОМЫН ГАРЧИГ | |
| Гарчиг | Technology as a teaching tool |
| 740 ## - НОМЫН ГАРЧИГ | |
| Гарчиг | Selection and use of technology |
| 942 ## - ЭЛЕМЕНТИЙН ТӨРӨЛ | |
| Зүйлийн төрөл | Ном |
